00501 2200205 4500001002100000008004100021035002000062245002400082100001700106260002700123300001200150020001800162084001700180082000800197650001200205990002000217990001800237990002000255990002000275INLIS000000000000898 ind  a0010-0724000898 aDanaucPuji tyasari aPuji tyasari aSurabaya :bSIC,c2008 a28 hlm. a979-9925-52-5 a551.48 PUJ D a551 aGeologi aP29/CP/24/898.4 aP29/CP/24/898 aP29/CP/24/898.2 aP29/CP/24/898.3